00494nam a2200109Ia 4500008004100000050002300041100003600064245013800100260008600238300003300324521002700357140724s9999 xx 000 0 und d aZ 696b.Se443 2014 aSeballos, Christian Theodore F. 2aA proposed enhancement of Southville International School and Colleges Library System through KOHA /cChristian Theodore F. Seballos. aLas Piñas, Philippines :bSouthville International School and Colleges,cc2014. a29 p. :bcol. Ill. ;c28 cm. aInformation Technology